Estadísticas para Jugadores míticos (Que no famosos) de LaLiga #3

Haz click aquí para intentar la prueba.

Estadísticas generales

  • Esta prueba ha sido intentada 131 veces
  • La puntuación promedio es 14 de 24

Estadísticas de respuestas

Respuesta% Correcto
Nolito
98%
Coentrao
97%
Paulinho
97%
Chicharito
96%
Laguardia
86%
Toquero
82%
Cheryshev
78%
Iraola
78%
Siqueira
72%
Alexis Ruano
64%
Bueno
59%
Gurpegui
58%
Timor
57%
De La Peña
48%
Peñaranda
48%
De La Red
46%
Cabral
43%
Jurado
40%
Ramalho
39%
Javi Lara
33%
Fran Mérida
31%
Nsue
30%
Tito
22%
Del Horno
18%

Distribución de puntuación

Porcentaje por número respondido

Porcentaje de gente con cada puntuación

Historial de tus puntuaciones

No has intentado esta prueba.